000
00292nam a22001337a 4500
008
170703b xxu||||| |||| 00| 0 eng d
020
_a
0631146253
041
_a
eng
080
_a
821
100
_a
22
101
_a
GJL
245
_a
THE LANGUAGES OF LOGIC
_c
GUTTENPLAN, S
942
_2
udc
_c
BK
999
_c
19827
_d
19827